[Event "Bad Sooden-Allendorf Seniors op 14th"]
[Site "Bad Sooden-Allendorf"]
[Date "2002.04.30"]
[Round "9"]
[White "Petersohn, Horst"]
[Black "Matthies, Juergen"]
[Result "1-0"]
[WhiteElo "1685"]
[BlackElo "1912"]
[PlyCount "69"]
[EventDate "2002.04.??"]
[EventType "swiss"]
[EventRounds "9"]
[EventCountry "GER"]
[SourceTitle "EXT 2006"]
[Source "ChessBase"]
[SourceDate "2005.11.24"]
[SourceVersion "1"]
[SourceVersionDate "2005.11.24"]
[SourceQuality "1"]

1. d4 Nf6 2. Nf3 e6 3. c4 d5 4. Nc3 c6 5. e3 Nbd7 6. Qc2 Be7 7. b3 0-0 8. Bd3 Qc7 9. Bb2 Re8 10. 0-0 b6 11. cxd5 exd5 12. Rac1 Bb7 13. Bf5 g6 14. Bh3 Rad8 15. Qe2 Qb8 16. Nd2 c5 17. Na4 cxd4 18. Bxd4 Bd6 19. f4 Bxf4 20. Qf3 Bxh2+ 21. Kh1 Be5 22. Bxd7 Nxd7 23. Qxf7+ Kh8 24. Rf3 Rf8 25. Qe7 Rxf3 26. Nxf3 Bxd4 27. exd4 Rc8 28. Re1 Qc7 29. Ng5 Nf8 30. Nf7+ Kg7 31. Nd6+ Qxe7 32. Rxe7+ Kg8 33. Nxc8 Bxc8 34. Rxa7 b5 35. Nc3 1-0

[Event "Bad Sooden-Allendorf Seniors op 14th"]
[Site "Bad Sooden-Allendorf"]
[Date "2002.04.27"]
[Round "6"]
[White "Matthies, Juergen"]
[Black "Hartmann, Rudi"]
[Result "1-0"]
[WhiteElo "1912"]
[BlackElo "1740"]
[PlyCount "105"]
[EventDate "2002.04.??"]
[EventType "swiss"]
[EventRounds "9"]
[EventCountry "GER"]
[SourceTitle "EXT 2006"]
[Source "ChessBase"]
[SourceDate "2005.11.24"]
[SourceVersion "1"]
[SourceVersionDate "2005.11.24"]
[SourceQuality "1"]

1. e4 c5 2. Nc3 Nc6 3. g3 d6 4. Bg2 Nf6 5. d3 e6 6. f4 a6 7. Nf3 Qc7 8. 0-0 Be7 9. Be3 Rb8 10. h3 0-0 11. g4 Rd8 12. Ne2 b5 13. Ng3 e5 14. f5 Nd4 15. g5 Nxf3+ 16. Qxf3 Ne8 17. Qh5 g6 18. Qf3 Bf8 19. f6 Be6 20. h4 Qd7 21. Qe2 Bh3 22. Kf2 Bxg2 23. Kxg2 Nc7 24. h5 Ne6 25. Kf3 Nd4+ 26. Bxd4 cxd4 27. Qh2 Rb7 28. Rh1 Qe6 29. Qh3 Qxh3 30. Rxh3 Rc8 31. hxg6 fxg6 32. Rh2 Rf7 33. Kg4 Rfc7 34. Rc1 Rf7 35. Re2 Rfc7 36. Nh1 h5+ 37. Kh4 Kf7 38. Nf2 Ke6 39. Nh1 Rc6 40. Ng3 R6c7 41. Nh1 Rc6 42. Nf2 R6c7 43. Nd1 b4 44. b3 Rc6 45. Nb2 a5 46. Nc4 Ra6 47. Ra1 a4 48. bxa4 Rd8 49. a5 d5 50. exd5+ Rxd5 51. Rae1 Bd6 52. f7 Ra8 53. Nb6 1-0

[Event "Bad Sooden-Allendorf Seniors op 14th"]
[Site "Bad Sooden-Allendorf"]
[Date "2002.04.24"]
[Round "3"]
[White "Tessmer, Herbert"]
[Black "Matthies, Juergen"]
[Result "0-1"]
[WhiteElo "1652"]
[BlackElo "1912"]
[PlyCount "96"]
[EventDate "2002.04.??"]
[EventType "swiss"]
[EventRounds "9"]
[EventCountry "GER"]
[SourceTitle "EXT 2006"]
[Source "ChessBase"]
[SourceDate "2005.11.24"]
[SourceVersion "1"]
[SourceVersionDate "2005.11.24"]
[SourceQuality "1"]

1. d4 Nf6 2. Nf3 d5 3. e3 e6 4. c4 dxc4 5. Bxc4 a6 6. a3 b5 7. Bd3 Bb7 8. Nbd2 c5 9. b3 cxd4 10. exd4 Nbd7 11. Bb2 Bd6 12. 0-0 0-0 13. Qe2 Nb6 14. Ne4 Bd5 15. Nc5 Qe7 16. Rac1 Rfc8 17. h3 Bxc5 18. dxc5 Rxc5 19. Rxc5 Qxc5 20. Rc1 Qe7 21. Qe3 Nbd7 22. Nd4 Qd6 23. Nf3 Qb6 24. Bd4 Qb7 25. Be2 Rc8 26. Bd1 Rxc1 27. Qxc1 Ne8 28. Qe3 f6 29. Ne1 Nd6 30. Bg4 e5 31. Bxd7 Qxd7 32. Bc5 Nb7 33. b4 Qc6 34. f3 Nxc5 35. bxc5 Bc4 36. g4 Kf7 37. h4 Qd5 38. Kf2 a5 39. c6 Qd4 40. c7 Qxe3+ 41. Kxe3 Be6 42. Nd3 Ke7 43. Nc5 Bc8 44. Nb3 a4 45. Nc5 Kd6 46. Nd3 Kxc7 47. g5 Kd6 48. f4 Bf5 0-1